| 000 | 00779nam a2200205Ia 4500 | ||
|---|---|---|---|
| 001 | 15659 | ||
| 003 | GE_BSU | ||
| 008 | 181216s||||||||xx |||||||||||||| ||und|| | ||
| 040 | _cGE_BSU | ||
| 080 | _a821.353.1-32 | ||
| 100 | _aძირკვაძე, ნოდარ | ||
| 245 | _aლეგენდა სიყვარულზე | ||
| 245 | _bმოთხრობები | ||
| 260 | _aბათუმი | ||
| 260 | _bსაბჭ. აჭარა | ||
| 260 | _c1987 | ||
| 300 | _a104გვ. ; 20სმ. | ||
| 653 | _aშუქი სიკეთისა; ლეგენდა სიყვარულზე; სოსანა; დედის ცრემლზე ამოსულაო ია ლამაზი; თალხი კაბა | ||
| 942 | _cBK | ||
| 999 |
_c48758 _d48758 |
||